|
|
|
|
| LEADER |
00719naa a2200193 i 4500 |
| 001 |
publ21010 |
| 005 |
20210310152203.0 |
| 008 |
210310s2020 hu o 1|| zxx d |
| 024 |
7 |
|
|a 31902922
|2 mtmt
|
| 040 |
|
|
|a SZTE Publicatio Repozitórium
|b hun
|
| 041 |
|
|
|a zxx
|
| 100 |
1 |
|
|a Totik Vilmos
|
| 245 |
1 |
0 |
|a Polynomial inequalities and Green's functions
|h [elektronikus dokumentum] /
|c Totik Vilmos
|
| 260 |
|
|
|a MARIN DRINOV ACAD PUBL HOUSE
|b Sofia
|c 2020
|
| 300 |
|
|
|a 19
|
| 300 |
|
|
|a 221-239
|
| 490 |
0 |
|
|a CONSTRUCTIVE THEORY OF FUNCTIONS
|
| 711 |
|
|
|a International Conference on Constructive Theory of Functions
|c Sozopol
|d 2019.06.02-2019.06.08
|
| 856 |
4 |
0 |
|u http://publicatio.bibl.u-szeged.hu/21010/1/sozopol.pdf
|z Dokumentum-elérés
|